000 00754 a2200289 4500
260 _aParis
630 _a33 - Economie. Economie politique
037 _b2, Achat
650 _a3 - SCIENCES SOCIALES
100 _aEd., Roche-Pire, Evelyne
260 _bEconomica
245 _aCriminalité des affaires et marché commun : quelques aspects
300 _a346 p.
650 _aAffaires : droit
650 _aMarché financier
260 _c1982
300 _b24 cm
100 _lFr
037 _aDE 5468
037 _aDE 5469
440 _aCollection Perspectives économiques et juridiques
700 _aDir., Marty-Delmas, Mireille
650 _aProblèmes économiques
020 _a2-7178-0447-1
999 _c38703
_d38703